000 00931nam a2200253 i 4500
003 DO-SdBNP
005 20250704145313.0
007 ta
008 250704b2003 ck d|||| |||| 00| 0 spa d
020 _a9586825019
040 _aDO-SdBNP
_bspa
_cBNPHU
_erda
082 4 _axxx
_bxxx
_222
245 0 0 _aGlobalización y desarrollo :
_buna reflexión desde América Latina y el Caribe /
_ceditor, José Antonio Ocampo, Juan Martin
264 4 _aBogotá, Colombia :
_bComisión Económica para América Latina y el Caribe;
_bBanco Mundial;
_bAlfaomega Colombiana S.A.,
_c©2003.
300 _a205 páginas :
_bgráficos ;
_c23 cm.
336 _atexto
_btxt
_2rdacontent
337 _asin mediación
_bn
_2rdamedia
338 _avolumen
_bnc
_2rdacarrier
590 _aInventariado, 2025/BT
700 _aOcampo, José Antonio,
_eeditor
_4ed.
_988272
700 _aMartin, Juan,
_eeditor
_4ed
_988273
910 _aBtavárez
942 _2ddc
_cLBS1
999 _c59450
_d59450